| 000 | 00352nam a2200133Ia 4500 | ||
|---|---|---|---|
| 008 | 210430s9999 xx 000 0 und d | ||
| 020 | _a81-219-2617-3 | ||
| 082 | _a621.4022 R1612 H | ||
| 100 |
_aR.K.Rajput _913298 |
||
| 245 |
_aHeat and Mass Transfer in si units _cR.K.Rajput |
||
| 260 |
_aIndia _bS.Chand _c2008 |
||
| 300 | _a864p | ||
| 942 |
_cBK _2ddc |
||
| 999 |
_c564589 _d564589 |
||